000
00414nam a2200145Ia 4500
008
100204s9999 xx 000 0 und d
082
_b
10308
100
_a
प्रफुल्ल दत्त
245
_a
औदुंबर
260
_b
"रोहन प्रकाशन , मुंबई"
_c
1987
300
_a
116
630
_a
औदुंबर
730
_a
औदुंबर
942
_c
BOOK
999
_c
454744
_d
454741